000 00820nam a22002417a 4500
003 DO-SdBNP
005 20250625122223.0
008 201123b 1981 dr 00| 0 eng d
040 _aDO-SdBNP
_bspa
_cBNPHU
082 4 _axx
_bV331s
_222
100 1 _aVasco Uribe, Alberto
_977352
245 1 0 _aSociología médica /
_cAlberto Vasco Uribe.
260 _aSanto Domingo :
_bSESPAS,
_c1981.
300 _a174 p. ;
_c21 cm.
490 0 _aSalud y sociedad.
500 _aIncluye referencias bibliográficas y notas al pie de las páginas
504 _aBibliografía : p. 109-114
590 _aInventariado, 2020 /LP
650 4 _aMedicina social
_919663
710 1 _aRepública Dominicana.
_b Secretaria de Estado de Salud Pública y Asistencia Social (2001)
_956549
910 _aLopérez
942 _2ddc
_cLBS1
999 _c49178
_d49178